[Event "Czech Open G1 Rapid 2013"]
[Site "Pardubice CZE"]
[Date "2013.07.18"]
[Round "4.35"]
[White "Sergeyev,A"]
[Black "Horvath,Cs2"]
[Result "1-0"]
[WhiteElo "2368"]
[BlackElo "2208"]

1.d4 Nf6 2.Nf3 e6 3.c4 Bb4+ 4.Nbd2 b6 5.e3 Bb7 6.Bd3 d6 7.O-O Bxd2 8.Nxd2 Nbd7
9.e4 e5 10.d5 Nc5 11.Bc2 a5 12.b3 Qd7 13.Bb2 O-O 14.a3 Qg4 15.f4 Qxd1 16.Raxd1 Ng4
17.Rde1 f6 18.h3 Nh6 19.fxe5 fxe5 20.Rxf8+ Rxf8 21.b4 axb4 22.axb4 Nd7 23.Ba4 Nf6
24.c5 bxc5 25.bxc5 Ra8 26.Bb3 Nf7 27.Nc4 Ba6 28.cxd6 Bxc4 29.Bxc4 cxd6 30.Bd3 Kf8
31.Rc1 Ra7 32.Kf2 Ke7 33.Ke3 Nd7 34.Rc3 Nc5 35.Bc2 Nd8 36.Bc1 Ndb7 37.Bd2 Kd7
38.Be1 Na4 39.Ra3 Nbc5 40.Bb4 Ra6 41.Bd1 Nb6 42.Be2 Rxa3+ 43.Bxa3 Ke7 44.Bb5 Nbd7
45.Bb4 Nf6 46.Bd3 Nxd3 47.Kxd3 Nh5 48.Ke3 Nf4 49.Kf3 Nd3 50.Bd2 Kf6 51.g3 h6
52.Be3 Ne1+ 53.Ke2 Nc2 54.Bf2 h5 55.Kd3 Na3 56.Kc3 Nb1+ 57.Kc2 Na3+ 58.Kb3 Nb5
59.Be3 Nc7 60.Bb6 Ne8 61.Bd8+ Kf7 62.Kc4 Nf6 63.Bxf6 gxf6 64.g4 hxg4 65.hxg4 Kg6
66.Kb5 Kg5 67.Kc6 Kxg4 68.Kxd6 f5 69.Kxe5 f4 70.d6 f3 71.d7 f2 72.d8=Q f1=Q
73.Qg8+ Kh3 74.Qh7+ Kg3 75.Qg6+ Kh2 76.Qh5+ Kg3 77.Qg5+ Kh2 78.Qf4+  1-0

[Event "Czech Open G1 Rapid 2013"]
[Site "Pardubice CZE"]
[Date "2013.07.18"]
[Round "7.11"]
[White "Stocek,J"]
[Black "Kulicov,O"]
[Result "1-0"]
[WhiteElo "2576"]
[BlackElo "2453"]

1.d4 Nf6 2.c4 e6 3.Nf3 Bb4+ 4.Nbd2 b6 5.e3 Bb7 6.Bd3 Ne4 7.O-O Bxd2 8.Nxd2 Nxd2
9.Bxd2 O-O 10.Rc1 d6 11.d5 a5 12.Qh5 g6 13.Qh6 Nd7 14.Bc3 e5 15.f4 f5 16.e4 Nc5
17.Bc2 Nxe4 18.Bxe4 fxe4 19.fxe5 dxe5 20.Bxe5 Qe7 21.Bd4 Rxf1+ 22.Rxf1 Rf8
23.Rxf8+ Qxf8 24.Qh4 e3 25.Bxe3 Qe8 26.Bd4 Bc8 27.h3 Bf5 28.Qf6 Qd7 29.Qh8+ Kf7
30.Qxh7+ Ke8 31.Qh8+ Kf7 32.Qg7+ Ke8 33.Qg8+ Ke7 34.c5 bxc5 35.Bxc5+ Kf6
36.Qh8+ Kf7 37.Qf8+  1-0

[Event "6th Paleochora Open"]
[Site "Paleochora GRE"]
[Date "2013.07.19"]
[Round "1.19"]
[White "Kargin,A"]
[Black "Karousos-Theodorakis,Anastasios"]
[Result "1-0"]
[WhiteElo "2440"]
[BlackElo "1545"]

1.d4 Nf6 2.c4 e6 3.Nf3 Bb4+ 4.Nbd2 O-O 5.g3 b6 6.Bg2 Bb7 7.O-O d6 8.Nb3 Nbd7
9.a3 Ba5 10.Bf4 Qe7 11.Nxa5 bxa5 12.Bd2 Ne4 13.Bxa5 f5 14.Ne1 Ndf6 15.Qc1 h6
16.Nd3 e5 17.f3 Ng5 18.dxe5 dxe5 19.Bb4 Qe6 20.Bxf8 Rxf8 21.Kh1 Ba6 22.b3 Qb6
23.Qc3 e4 24.Nf4 exf3 25.exf3 Rb8 26.b4 Qc6 27.Rac1  1-0

[Event "6th Paleochora Open"]
[Site "Paleochora GRE"]
[Date "2013.07.21"]
[Round "4.11"]
[White "Baron,Ta"]
[Black "Skaperdas,K"]
[Result "1-0"]
[WhiteElo "2469"]
[BlackElo "2141"]

1.d4 e6 2.c4 Bb4+ 3.Nd2 Nf6 4.Nf3 O-O 5.a3 Be7 6.e4 d6 7.Bd3 Re8 8.O-O e5
9.d5 c6 10.b4 a5 11.Bb2 axb4 12.axb4 Rxa1 13.Qxa1 Nh5 14.Re1 Nd7 15.Nb3 Qb6
16.Qa3 Nf4 17.Bf1 cxd5 18.exd5 Nf8 19.Bc1 N8g6 20.Be3 Qc7 21.Qa5 Qd7 22.Ra1 Qg4
23.Nbd2 e4 24.Ne1 Bf6 25.Ra3 Be5 26.Kh1 Nxg2 27.Bxg2 Qh5 28.Nf1 Nh4 29.Qa4 f5
30.Ng3 Qg6 31.Bd2 Bd4 32.Kg1 h5 33.Qd1 Nxg2 34.Nxg2 h4 35.Nxh4 Qf6 36.Qh5 Rf8
37.Ng6 Bxf2+ 38.Kxf2 Qd4+ 39.Be3 Qb2+ 40.Ne2 Rf6 41.Ra8  1-0

[Event "6th Paleochora Open"]
[Site "Paleochora GRE"]
[Date "2013.07.22"]
[Round "5.9"]
[White "Ashwin,J"]
[Black "Theodorou,Nikolas"]
[Result "1/2-1/2"]
[WhiteElo "2470"]
[BlackElo "2125"]

1.d4 Nf6 2.c4 e6 3.Nf3 Bb4+ 4.Nbd2 O-O 5.a3 Be7 6.g3 d5 7.Bg2 c6 8.O-O Nbd7
9.Qc2 b6 10.e4 dxe4 11.Nxe4 Nxe4 12.Qxe4 Bb7 13.Rd1 Nf6 14.Qc2 Qc8 15.c5 Rd8
16.Bf4 h6 17.Rac1 Nd5 18.Qe4 Nf6 19.Qe2 bxc5 20.dxc5 Rxd1+ 21.Qxd1 Nd5 22.Be5 Qf8
23.Qb3 Bc8 24.Nd2 Bxc5 25.Ne4 Bb6 26.Rxc6 Bd7 27.Rc2 Rc8 28.Nc3 Nxc3 29.Rxc3 f6
30.Bf4 Rxc3 31.Qxc3 Qc5 32.Qxc5 Bxc5 33.Be3 Bxe3 34.fxe3 Kf7 35.Kf2 Ke7 36.Ke2 Bb5+
37.Kd2 Kd6 38.Kc3 Kc5 39.b4+ Kb6 40.Kb3 Be2 41.Be4 e5 42.a4 a5 43.b5 Kc5
44.Kc3 Bd1 45.Bc2 Be2 46.Bd3 Bd1 47.Bc2 Be2 48.Bd3 Bd1  1/2-1/2

[Event "Glorney Cup 2013"]
[Site "Cardiff ENG"]
[Date "2013.07.23"]
[Round "6.5"]
[White "Evans,Nicholas Thomas"]
[Black "Nettleton,Charlie B"]
[Result "0-1"]
[WhiteElo "1755"]
[BlackElo "1889"]

1.Nf3 Nf6 2.c4 e6 3.d4 Bb4+ 4.Nbd2 b6 5.e3 Bb7 6.Bd3 Ne4 7.O-O f5 8.Qc2 Bxd2
9.Nxd2 Nxd2 10.Bxd2 O-O 11.e4 Qh4 12.f3 d6 13.Bc3 fxe4 14.fxe4 Nd7 15.b4 Nf6
16.Rae1 Ng4 17.g3 Rxf1+ 18.Rxf1 Qg5 19.Bd2 Qh5 20.Bc1 Rf8 21.Rxf8+ Kxf8 22.Qg2 e5
23.d5 Nf6 24.Be2 Qg6 25.Bf3 Bc8 26.h3 h6 27.Kh2 Qe8 28.Qc2 Qf7 29.Qc3 Qd7
30.Bg2 Qa4 31.c5 bxc5 32.bxc5 Nxe4 33.Qf3+ Nf6 34.cxd6 cxd6 35.Bxh6 Qxa2
36.g4 e4 37.Qf4 Qxd5 38.g5 Qe5 39.Qxe5 dxe5 40.Bxg7+ Kxg7 41.gxf6+ Kxf6 42.Bxe4 Bf5
43.Bf3 e4 44.Be2 Ke5 45.Kg2 Kf4 46.h4 Ke3 47.Kf1 a5 48.Ke1 a4 49.Bc4 Kd4
50.Ba2 Kc3 51.h5 Bh7 52.Bf7 a3 53.Bg6 a2 54.Bxh7 a1=Q+ 55.Ke2 Qa6+ 56.Ke1 Kd3
57.Bg6 Qa2  0-1

[Event "31st Andorra Open"]
[Site "La Massana AND"]
[Date "2013.07.26"]
[Round "7.7"]
[White "Steingrimsson,H"]
[Black "Riff,JN"]
[Result "1/2-1/2"]
[WhiteElo "2557"]
[BlackElo "2427"]

1.d4 e6 2.c4 Bb4+ 3.Nd2 Nf6 4.Nf3 O-O 5.a3 Be7 6.e4 d6 7.Bd3 e5 8.dxe5 dxe5
9.Nxe5 Re8 10.Qe2 Bc5 11.Nef3 Nc6 12.h3 Bf5 13.O-O Qd6 14.b4 Bd4 15.c5 Qd7
16.Nxd4 Nxd4 17.Qe3 Rad8 18.Rb1 Bg6 19.g4 h5 20.f3 hxg4 21.hxg4 Nxg4 22.fxg4 Qxg4+
23.Kf2 Nf5 24.Qf3 Qh4+ 25.Kg2 Qg5+ 26.Kf2 Qh4+ 27.Kg2 Qg5+  1/2-1/2

[Event "9th Gazi 2013"]
[Site "Gazi GRE"]
[Date "2013.07.28"]
[Round "2"]
[White "Papadakis,M"]
[Black "Despotakis,Vasilios"]
[Result "1-0"]
[WhiteElo "2222"]
[BlackElo "1791"]

1.d4 Nf6 2.Nf3 e6 3.c4 Bb4+ 4.Nbd2 b6 5.g3 Bb7 6.Bg2 Ne4 7.O-O Nxd2 8.Bxd2 Bxd2
9.Qxd2 O-O 10.Rac1 d6 11.Rfe1 Nd7 12.e4 Nf6 13.d5 e5 14.Nh4 Rb8 15.b4 Bc8
16.Re3 Bd7 17.Ra3 Rb7 18.Rac3 c5 19.dxc6 Bxc6 20.f3 Ne8 21.Rd3 Bd7 22.c5 bxc5
23.bxc5 dxc5 24.Rd1 Nf6 25.Rd6 Qc7 26.Qg5 Be6 27.f4 Ne8 28.Rd8 f6 29.Qh5 Bf7
30.Qf3 Rb1 31.Rxb1 Qxd8 32.Rd1 Qc7 33.Nf5 exf4 34.gxf4 Bg6 35.Ne3 Bf7 36.Nd5 Bxd5
37.exd5 Nd6 38.Re1 Re8 39.Re6 c4 40.Qe2 Kf7 41.Qh5+ Kf8 42.Qxh7 Rb8 43.Rxf6+ Nf7
44.Qh8+ Ke7 45.Re6+ Kd7 46.Qh3 Qc5+ 47.Re3+ Kc7 48.Qe6 Rb1+ 49.Kf2 Nd6 50.Qe5 Kb6
51.Kf3 Rd1 52.Kg4 Rd2 53.Bf3 Rxh2 54.a4 Rd2 55.f5 Rd4+ 56.Kh3 c3 57.Re2 Rd3
58.Kg2 Nc4 59.Qe8 Ka5 60.Qd8+  1-0

[Event "Politiken Cup 2013"]
[Site "Helsingor DEN"]
[Date "2013.07.29"]
[Round "4.10"]
[White "Bulski,K"]
[Black "Carstensen,J"]
[Result "1-0"]
[WhiteElo "2534"]
[BlackElo "2384"]

1.d4 Nf6 2.c4 e6 3.Nf3 Bb4+ 4.Nbd2 O-O 5.a3 Be7 6.e3 b6 7.Bd3 d5 8.b3 c5
9.Bb2 Nc6 10.O-O Bb7 11.Rc1 Rc8 12.Bb1 cxd4 13.exd4 g6 14.Re1 Nh5 15.b4 dxc4
16.Nxc4 Bf6 17.Be4 Ba8 18.Nce5 Nxe5 19.dxe5 Qxd1 20.Rcxd1 Bxe4 21.Rxe4 Rc2
22.Bd4 Be7 23.Be3 Rfc8 24.Red4 Ng7 25.g4 h5 26.h3 hxg4 27.hxg4 R2c4 28.Kf1 Ne8
29.Rxc4 Rxc4 30.Rd7 Rc7 31.Rxc7 Nxc7 32.Nd4 Kf8 33.Nc6 Nb5 34.a4 Nc3 35.a5 bxa5
36.bxa5 a6 37.Nb8 Nd5 38.Bb6 Ke8 39.Nxa6 Kd7 40.Nb8+ Kc8 41.Nc6 Kb7 42.Nxe7 Nxe7
43.Kg2 Nc6 44.f4 g5 45.Kf3 Ka6 46.Ke4 Kb5 47.Bc7 Ka6 48.fxg5 Ne7 49.Bd8 Ng6
50.Kd4 Kb5 51.Bf6 Nf4 52.a6 Ne2+ 53.Ke3 Nc3 54.a7 Nd5+ 55.Ke4 Nb6 56.Bd8 Na8
57.g6 fxg6 58.Kf4 Kc6 59.Kg5  1-0

[Event "XXII TCh-MKD 2013"]
[Site "Struga MKD"]
[Date "2013.07.31"]
[Round "3.5"]
[White "Dinev,De"]
[Black "Ranic,Viktor"]
[Result "1-0"]
[WhiteElo "2349"]
[BlackElo "1927"]

1.d4 Nf6 2.c4 e6 3.Nf3 Bb4+ 4.Nbd2 b6 5.a3 Bxd2+ 6.Nxd2 Bb7 7.f3 d5 8.b4 Nh5
9.g3 Qf6 10.e3 Qh6 11.Kf2 Qg6 12.a4 Nf6 13.cxd5 exd5 14.Nb3 Nfd7 15.Bd3 Qf6
16.Ba3 O-O 17.Qc2 Rc8 18.Bxh7+ Kh8 19.Bd3 Nc6 20.a5 a6 21.Bf5 Rd8 22.Rac1 Rac8
23.Kg2 Ne7 24.Bh3 Nc6 25.Qd3 Qd6 26.b5 Nb4 27.Qd2 axb5 28.Bxb4 c5 29.Bxd7 Qxd7
30.dxc5 d4 31.Nxd4 bxc5 32.Rxc5 Rxc5 33.Bxc5 Qc6 34.Qc3 Qd5 35.e4 Qa2+ 36.Kh3 f6
37.g4 Kh7 38.Kg3 Ba6 39.Bb4 Rc8 40.Qb3 Qxb3 41.Nxb3  1-0

[Event "16th Olomouc IM Prima Pack"]
[Site "Olomouc CZE"]
[Date "2013.08.04"]
[Round "5.5"]
[White "Kholopov,A"]
[Black "Biolek,R2"]
[Result "0-1"]
[WhiteElo "2310"]
[BlackElo "2437"]

1.d4 e6 2.c4 Bb4+ 3.Nd2 Nf6 4.Nf3 d5 5.a3 Be7 6.e3 O-O 7.Bd3 a5 8.O-O c5
9.cxd5 exd5 10.dxc5 Nbd7 11.Nb3 Nxc5 12.Nxc5 Bxc5 13.b3 Bg4 14.Bb2 Qe7 15.Be2 Rad8
16.Nd4 Bc8 17.Qd3 Ne4 18.Qb5 f5 19.g3 f4 20.exf4 Bh3 21.Rfe1 Rxf4 22.Bf1 Rxf2
23.Bxh3 Rxb2 24.Rad1 Qf6  0-1

[Event "Chinese Teams 2013"]
[Site "Wuxi CHN"]
[Date "2013.08.04"]
[Round "9.3"]
[White "Wang Doudou"]
[Black "Sun,F"]
[Result "1-0"]
[WhiteElo "2226"]
[BlackElo "2123"]

1.d4 Nf6 2.c4 e6 3.Nf3 Bb4+ 4.Nbd2 b6 5.a3 Bxd2+ 6.Bxd2 Ne4 7.g3 Bb7 8.Bg2 Nxd2
9.Qxd2 O-O 10.O-O d6 11.Qc2 f5 12.Rfd1 Be4 13.Qc3 Nd7 14.Rac1 Qf6 15.b4 Rad8
16.c5 dxc5 17.dxc5 bxc5 18.bxc5 Qxc3 19.Rxc3 Nf6 20.Rcc1 Bxf3 21.Bxf3 Rb8
22.Rb1 Kf7 23.Kg2 e5 24.Bc6 Ke6 25.Rb4 a5 26.Ra4 Rb2 27.Kf1 Ne4 28.Bd5+ Kf6
29.Rxa5 Nc3 30.Ra6+ Ke7 31.Rd3 Nxd5 32.Rxd5 f4 33.Rxe5+ Kd7 34.Rae6 Rf7 35.c6+  1-0

[Event "12th Lichtenberger Sommer"]
[Site "Berlin GER"]
[Date "2013.08.17"]
[Round "1.45"]
[White "Sechting,M"]
[Black "Schlittermann,W"]
[Result "1-0"]
[WhiteElo "2054"]
[BlackElo "1769"]

1.d4 Nf6 2.c4 e6 3.Nf3 Bb4+ 4.Nbd2 Ne4 5.Qc2 f5 6.a3 Nxd2 7.Nxd2 Be7 8.e4 O-O
9.exf5 exf5 10.Bd3 d6 11.O-O Nc6 12.Nf3 Bf6 13.d5 Ne5 14.Nxe5 Bxe5 15.Rb1 g6
16.b4 c6 17.dxc6 bxc6 18.Bb2 a5 19.f4 Bxb2 20.Qxb2 Qb6+ 21.Kh1 axb4 22.Rfe1 Qd8
23.axb4 Bb7 24.c5 d5 25.Re5 Re8 26.Rbe1 Qd7 27.Rxe8+ Rxe8 28.Rxe8+ Qxe8 29.Qe2 Qc8
30.h3 Kf7 31.Kh2 Qc7 32.Kg3 Bc8 33.Kf3 Qa7 34.Qe5 Ba6 35.Qa1 Qb7 36.Qxa6 Qxb4
37.Qxc6 Qd4 38.Qc7+ Kg8 39.Qb8+ Kf7 40.Qa7+ Kg8 41.Qa3 Qg1 42.Qa8+  1-0

[Event "28th Metropolitan GM"]
[Site "Los Angeles USA"]
[Date "2013.08.17"]
[Round "7"]
[White "Yang,Dar"]
[Black "Amanov,Z"]
[Result "1/2-1/2"]
[WhiteElo "2480"]
[BlackElo "2361"]

1.d4 Nf6 2.c4 e6 3.Nf3 Bb4+ 4.Nbd2 b6 5.a3 Bxd2+ 6.Qxd2 Bb7 7.e3 O-O 8.Be2 d6
9.O-O a5 10.b3 Nbd7 11.Bb2 Qe7 12.Qc2 c5 13.dxc5 Nxc5 14.b4 Ncd7 15.Rfd1 Rfc8
16.Qd2 d5 17.cxd5 Nxd5 18.bxa5 Rxa5 19.Rac1 Nc5 20.Qd4 f6 21.Qg4 Na4 22.Rxc8+ Bxc8
23.Bc1 Nac3 24.Re1 Ra4 25.Nd4 Nxe2+ 26.Qxe2 e5 27.Qc2 Ra8 28.Qb3 Qf7 29.Nc6 Bb7
30.Qxd5  1/2-1/2

[Event "3rd Split Open 2013"]
[Site "Split CRO"]
[Date "2013.08.17"]
[Round "8.5"]
[White "Sale,S"]
[Black "Saric,A"]
[Result "0-1"]
[WhiteElo "2409"]
[BlackElo "2565"]

1.d4 Nf6 2.c4 e6 3.Nf3 Bb4+ 4.Nbd2 O-O 5.a3 Be7 6.e4 d5 7.Qc2 c5 8.dxc5 dxe4
9.Nxe4 Nxe4 10.Qxe4 Nc6 11.Be3 f5 12.Qc2 e5 13.Rd1 Qe8 14.Rd5 e4 15.Nd4 f4
16.Bc1 Nxd4 17.Rxd4 Bf5 18.Rd5 Qg6 19.Qb3 e3 20.Qxb7 Bh4 21.Rxf5 Bxf2+ 22.Kd1 Qxf5
23.Qd5+ Qf7 24.Kc2 a5 25.b3 Rfc8 26.c6 Ra6 27.Bd3 Raxc6 28.Bxh7+ Kf8 29.Qxf7+ Kxf7
30.Be4 Rd6 31.Bf3 a4 32.g3 axb3+ 33.Kxb3 Rd3+ 34.Kc2 Rd4 35.Bb2 Rdxc4+ 36.Kd3 Rc2
37.Be5 Rd2+ 38.Ke4 e2 39.Bxf4 Rd4+  0-1

[Event "6th Jessie Gilbert Open 2013"]
[Site "Coulsdon ENG"]
[Date "2013.08.18"]
[Round "2"]
[White "Lock,G"]
[Black "Lalic,B"]
[Result "1/2-1/2"]
[WhiteElo "2189"]
[BlackElo "2484"]

1.d4 Nf6 2.Nf3 e6 3.c4 Bb4+ 4.Nbd2 b6 5.e3 Bb7 6.Bd3 O-O 7.O-O d5 8.a3 Be7
9.b4 c5 10.bxc5 bxc5  1/2-1/2

[Event "12th Lichtenberger Sommer"]
[Site "Berlin GER"]
[Date "2013.08.19"]
[Round "3.42"]
[White "Sechting,M"]
[Black "Willich,M"]
[Result "1/2-1/2"]
[WhiteElo "2054"]
[BlackElo "1981"]

1.d4 Nf6 2.c4 e6 3.Nf3 Bb4+ 4.Nbd2 b6 5.g3 Bb7 6.Bg2 O-O 7.O-O d5 8.Ne5 Nbd7
9.a3 Be7 10.b4 c5 11.bxc5 bxc5 12.Rb1 Qc7 13.Nxd7 Nxd7 14.cxd5 exd5 15.e4 cxd4
16.exd5 Nb6 17.Nf3 Bxd5 18.Qxd4 Rad8 19.Qg4 Bf6 20.Bf4 Qd7 21.Qxd7 Rxd7 22.Rfd1 Rfd8
23.Ne5 Bxe5 24.Bxe5 Bxg2 25.Rxd7 Rxd7 26.Kxg2 f6 27.Bf4 Rd3 28.a4 Ra3 29.Be3 Rxa4
30.Bxb6  1/2-1/2

[Event "Caissa GM Aug 2013"]
[Site "Kecskemet HUN"]
[Date "2013.08.19"]
[Round "5.2"]
[White "Jia,H"]
[Black "Ilincic,Z"]
[Result "1-0"]
[WhiteElo "2363"]
[BlackElo "2426"]

1.d4 Nf6 2.c4 e6 3.Nf3 Bb4+ 4.Nbd2 O-O 5.a3 Bxd2+ 6.Bxd2 Ne4 7.Bf4 d6 8.e3 b6
9.Bd3 Bb7 10.O-O Nd7 11.b4 Qe7 12.c5 Nef6 13.cxd6 cxd6 14.Nd2 Nd5 15.Bg3 f5
16.Rc1 Rac8 17.Rxc8 Rxc8 18.Nc4 e5 19.Re1 Kh8 20.Qa4 Bc6 21.b5 Nc3 22.Qb4 Nxb5
23.Nxe5 Nxe5 24.dxe5 a5 25.Qb2 Qd7 26.e6 Qe8 27.Rc1 Qxe6 28.Bxb5 Bxb5 29.Rxc8+ Qxc8
30.Qxb5  1-0

[Event "3rd Isthmia Open"]
[Site "Vrachati GRE"]
[Date "2013.08.19"]
[Round "2.10"]
[White "Tepelenis,N"]
[Black "Ashwin,J"]
[Result "0-1"]
[WhiteElo "2124"]
[BlackElo "2478"]

1.d4 Nf6 2.c4 e6 3.Nf3 Bb4+ 4.Nbd2 O-O 5.a3 Be7 6.e3 b6 7.Bd3 Bb7 8.O-O c5
9.b3 d6 10.Bb2 Nbd7 11.Qe2 Re8 12.e4 cxd4 13.Nxd4 a6 14.Rae1 Bf8 15.Bb1 Qc7
16.Kh1 g6 17.Nc2 Bh6 18.f3 Nh5 19.g3 Nhf6 20.Kg1 b5 21.cxb5 axb5 22.Nb4 e5
23.Kh1 Nc5 24.Bc2 Rad8 25.Nb1 d5 26.exd5 Nxd5 27.Nxd5 Bxd5 28.Qxb5 Na4 29.Bc1 Qxc2
30.Bxh6 Bc6 31.Qb4 e4 32.Be3 exf3 33.Rf2 Rxe3  0-1

[Event "3rd Isthmia Open"]
[Site "Vrachati GRE"]
[Date "2013.08.19"]
[Round "2.15"]
[White "Cherednichenko,S"]
[Black "Drakopoulos,P"]
[Result "1-0"]
[WhiteElo "2283"]
[BlackElo "1939"]

1.d4 Nf6 2.Nf3 e6 3.c4 Bb4+ 4.Nbd2 b6 5.a3 Bxd2+ 6.Bxd2 Bb7 7.Bg5 h6 8.Bh4 g5
9.Bg3 Ne4 10.d5 Nxg3 11.hxg3 Qf6 12.Qd2 d6 13.Rc1 Nd7 14.b4 e5 15.e3 g4 16.Nh4 O-O-O
17.Bd3 Kb8 18.a4 c5 19.Bf5 h5 20.a5 bxa5 21.Bxd7 Rxd7 22.bxc5 dxc5 23.Qxa5 Qb6
24.Qc3 Qb4 25.O-O Qxc3 26.Rxc3 Kc7 27.Ra1 a6 28.Rb3 Rc8 29.Ra5 Kd8 30.Rb6 Rb8
31.Rxc5 Rc7 32.Rd6+ Kc8 33.Rxc7+ Kxc7 34.Rf6 a5 35.Nf5 a4 36.Nd6 Ba6 37.c5 a3
38.Rxf7+ Kd8 39.c6 Rb1+ 40.Kh2 Rc1 41.Rd7+  1-0

[Event "3rd Isthmia Open"]
[Site "Vrachati GRE"]
[Date "2013.08.19"]
[Round "3.10"]
[White "Vidit,S"]
[Black "Pountzas,H"]
[Result "1-0"]
[WhiteElo "2563"]
[BlackElo "2112"]

1.d4 Nf6 2.Nf3 e6 3.c4 Bb4+ 4.Nbd2 b6 5.e3 Bb7 6.Bd3 O-O 7.O-O Bxd2 8.Nxd2 d6
9.b3 e5 10.Bb2 Nbd7 11.Qc2 Qe7 12.Bf5 Rfe8 13.Rae1 c5 14.d5 b5 15.e4 bxc4
16.bxc4 a5 17.g3 a4 18.f4 Ra6 19.Nf3 Bc8 20.Qc3 Rb6 21.Ba3 Ba6 22.Qc2 Ra8
23.Rb1 g6 24.Bxd7 Nxd7 25.Rxb6 Nxb6 26.Nd2 f6 27.Rb1 Qc7 28.Qc3 Bc8 29.Nf1 Bd7
30.Ne3 Ra6 31.Rf1 Qd8 32.g4 h6 33.h4 g5 34.hxg5 hxg5 35.fxe5 fxe5 36.Qd2 Ra7
37.Qf2 Bc8 38.Qf6 Qxf6 39.Rxf6 Rd7 40.Bxc5 Nxc4 41.Nxc4 Rc7 42.Rxd6 Rxc5
43.Rc6 Rxc6 44.dxc6 Bxg4 45.c7  1-0

[Event "TCh-SRB 1st League 2013"]
[Site "Kragujevac SRB"]
[Date "2013.08.24"]
[Round "1.6"]
[White "Jovanovic,Boj2"]
[Black "Ostojic,N1"]
[Result "0-1"]
[WhiteElo "2228"]
[BlackElo "2440"]

1.d4 Nf6 2.c4 e6 3.Nf3 Bb4+ 4.Nbd2 O-O 5.g3 d5 6.cxd5 exd5 7.Bg2 c6 8.O-O Re8
9.Ne5 Nbd7 10.Ndf3 Bd6 11.Bf4 Ne4 12.Qc1 Bf8 13.Rd1 Nb6 14.Nd3 h6 15.Nc5 Nxc5
16.dxc5 Nd7 17.b4 a5 18.a3 Rxe2 19.Be3 axb4 20.Nd4 Rxe3 21.fxe3 bxa3 22.Rxa3 Rxa3
23.Qxa3 Nxc5 24.Qa8 Qc7 25.Rc1 Qe5 26.Qa3 Ne6 27.Qd3 Nc5 28.Qa3 Ne4 29.Qa8 Nd6
30.Re1 Bg4 31.Qb8 g6 32.Kf1 h5 33.Nb3 Bf5 34.Nd4 Bd3+ 35.Kg1 c5 36.Nf3 Qc3
37.Rd1 Be2 38.Rxd5 Qxe3+ 39.Kh1 Bxf3  0-1

[Event "28th Schwarzacher Open"]
[Site "Schwarzach AUT"]
[Date "2013.08.24"]
[Round "9.4"]
[White "Lizak,P"]
[Black "Smirnov,Arte"]
[Result "0-1"]
[WhiteElo "2415"]
[BlackElo "2439"]

1.d4 Nf6 2.c4 e6 3.Nf3 Bb4+ 4.Nbd2 b6 5.a3 Bxd2+ 6.Bxd2 Bb7 7.e3 O-O 8.Bd3 Ne4
9.Qc2 f5 10.O-O Nxd2 11.Nxd2 Qf6 12.b4 Nc6 13.Rad1 Qg6 14.f3 Rae8 15.Rf2 Kh8
16.f4 Ne7 17.Qa4 Ng8 18.Qxa7 Rb8 19.Qa4 Nf6 20.h3 Qg3 21.Nf1 Qh4 22.Nh2 g5
23.fxg5 Qxg5 24.Re1 Be4 25.Qc2 Rg8 26.Nf3 Qg3 27.Ree2 Bxf3  0-1

[Event "TCh-SRB 1st League w 2013"]
[Site "Kragujevac SRB"]
[Date "2013.08.26"]
[Round "3.4"]
[White "Ozturk,Ku"]
[Black "Ovod,E"]
[Result "1/2-1/2"]
[WhiteElo "2254"]
[BlackElo "2390"]

1.d4 Nf6 2.c4 e6 3.Nf3 Bb4+ 4.Nbd2 O-O 5.a3 Be7 6.e3 d5 7.Bd3 a5 8.b3 b6
9.e4 dxe4 10.Nxe4 Bb7 11.Qc2 Nbd7 12.O-O  1/2-1/2

[Event "TCh-SRB 1st League 2013"]
[Site "Kragujevac SRB"]
[Date "2013.08.26"]
[Round "3.2"]
[White "Milanovic,Da"]
[Black "Radlovacki,J"]
[Result "1/2-1/2"]
[WhiteElo "2491"]
[BlackElo "2423"]

1.d4 Nf6 2.c4 e6 3.Nf3 Bb4+ 4.Nbd2 b6 5.a3 Bxd2+ 6.Qxd2 Bb7 7.g3 O-O 8.Bg2 Be4
9.O-O d6 10.b4 Nbd7 11.Bb2 a5 12.Bh3 axb4 13.axb4 b5 14.c5 Bxf3 15.exf3 Nd5
16.Rfe1 c6 17.f4 Qc7 18.f5 exf5 19.Bxf5 N7f6 20.Bc3 g6 21.Bc2 Qd7 22.Kg2 Rae8
23.Bb2 dxc5 24.bxc5 Rxe1 25.Rxe1 Ra8 26.h3 Nc7 27.Bb3 Nfd5 28.Re5 Kg7 29.Qe1 Rd8
30.h4 Qc8 31.f3 Qd7 32.Kh2 Re8 33.Kg2 f6 34.Re4 Ne6 35.Kh2 Re7 36.Qe2 Re8
37.Qe1 Nec7 38.Kg2 Re6 39.Bc1 Kf7 40.Bb2 Re8 41.Kh2 Ne6 42.Qd2 Kg7 43.Qe1 Nec7  1/2-1/2

[Event "TCh-SRB 1st League 2013"]
[Site "Kragujevac SRB"]
[Date "2013.08.26"]
[Round "3.6"]
[White "Rajkovic,Du"]
[Black "Benkovic,P"]
[Result "0-1"]
[WhiteElo "2394"]
[BlackElo "2428"]

1.d4 Nf6 2.c4 e6 3.Nf3 Bb4+ 4.Nbd2 O-O 5.g3 c5 6.a3 Bxd2+ 7.Qxd2 cxd4 8.Bg2 d5
9.cxd5 Qxd5 10.Qxd4 Nc6 11.Qe3 e5 12.O-O Re8 13.Ne1 e4 14.b4 Qh5 15.h4 Bg4
16.Nc2 Bxe2 17.Re1 Bd3  0-1

[Event "Petersburg Summer Blitz 2013"]
[Site "St Petersburg RUS"]
[Date "2013.08.28"]
[Round "3.9"]
[White "Tuzinskiy,D"]
[Black "Yemelin,V"]
[Result "0-1"]
[WhiteElo "2199"]
[BlackElo "2564"]

1.d4 Nf6 2.c4 e6 3.Nf3 Bb4+ 4.Nbd2 d6 5.g3 Nbd7 6.Bg2 e5 7.a3 Bxd2+ 8.Bxd2 Qe7
9.dxe5 dxe5 10.O-O O-O 11.Bc3 e4 12.Nd4 Ne5 13.b3 Rd8 14.Qc1 Bg4 15.f3 c5
16.Nc2 Bd7 17.fxe4 Bc6 18.Qf4 Ng6 19.Bxf6 gxf6 20.Qxf6 Qxf6 21.Rxf6 Rd2 22.Ne3 Rxe2
23.Nd5 Rb2 24.Raf1 Rf8 25.R6f3 Ne5 26.Ne7+ Kg7 27.Re3 Bd7 28.Nd5 b5 29.cxb5 Bxb5
30.Rf2 Rb1+ 31.Bf1 Ng4 32.Kg2 Bxf1+ 33.Rxf1 Nxe3+ 34.Nxe3 Rxf1 35.Kxf1 Re8
36.Nf5+ Kf6 37.Nd6 Re6 38.Nb7 Rc6 39.Ke2 Ke5 40.Kd3 f6 41.Na5 Rd6+ 42.Ke3 Rd1
43.Nb7 Re1+ 44.Kd2 Rh1 45.Nxc5 Kd4 46.Ne6+ Kxe4 47.Nc5+ Kf3 48.Ne6 Rxh2+
49.Kc3 Kxg3 50.Nd4 Kg4 51.Nc6 f5 52.Ne5+ Kg3 53.Nf3 Kxf3 54.b4 Ke4 55.Kc4 Rc2+
56.Kb5 h5  0-1

[Event "TCh-POL Ekstraliga 2013"]
[Site "Gorzow Wielkopolski POL"]
[Date "2013.08.31"]
[Round "5.4"]
[White "Piorun,K"]
[Black "Socko,B"]
[Result "0-1"]
[WhiteElo "2559"]
[BlackElo "2647"]

1.d4 Nf6 2.c4 e6 3.Nf3 Bb4+ 4.Nbd2 O-O 5.a3 Bxd2+ 6.Bxd2 Ne4 7.Bf4 d6 8.e3 b6
9.Bd3 Bb7 10.Qc2 f5 11.h3 Nd7 12.O-O-O Qe7 13.Rhe1 c5 14.Kb1 Rac8 15.Qe2 a5
16.Bc2 d5 17.Ne5 Ndf6 18.f3 Nd6 19.g4 Ba6 20.gxf5 Nxf5 21.Bxf5 exf5 22.Qc2 Qe6
23.Rg1 Bxc4 24.Rg5 cxd4 25.Qg2 Ne8 26.Rg1 Qe7 27.exd4 Bb3 28.Rxg7+ Nxg7 29.Bh6 Rc7
30.Bxg7 Qxg7 31.Qf1 Rfc8 32.Nd3 a4 33.Rxg7+ Rxg7 34.Qe1 Kf8 35.Nf4 Re7 36.Qh4 Rc6
37.Qf2 Ke8 38.Qg1 Kd7 39.Qf1 Kc8 40.Qf2 Rc2 41.Qf1 Rc6 42.Nd3 Kb7 43.Nb4 Rce6
44.Nd3 Re2 45.Kc1 R7e3 46.h4 Bc4 47.Qg1 Bxd3 48.Qg7+ Re7  0-1

[Event "Nordeste IM 2013"]
[Site "Natal BRA"]
[Date "2013.09.03"]
[Round "7.1"]
[White "Macedo,MIa"]
[Black "Lebredo Zaragoitia,G"]
[Result "1/2-1/2"]
[WhiteElo "2368"]
[BlackElo "2204"]

1.d4 Nf6 2.c4 e6 3.Nf3 Bb4+ 4.Nbd2 b6 5.a3 Bxd2+ 6.Qxd2 Bb7 7.e3 O-O 8.Be2 c5
9.dxc5 bxc5 10.b4 Nc6 11.b5 Na5 12.Qc2 Be4 13.Qc3 d5 14.Bb2 Nxc4 15.Bxc4 dxc4
16.Ne5 Bd3 17.Nxc4 Qd5 18.O-O-O Qxc4 19.Rxd3 Qxb5 20.e4 e5  1/2-1/2

[Event "TCh-ROU 2013"]
[Site "Mamaia ROU"]
[Date "2013.09.04"]
[Round "5.1"]
[White "Nyzhnyk,I"]
[Black "Miroshnichenko,E"]
[Result "1/2-1/2"]
[WhiteElo "2625"]
[BlackElo "2619"]

1.d4 Nf6 2.c4 e6 3.Nf3 Bb4+ 4.Nbd2 O-O 5.a3 Be7 6.e4 d5 7.e5 Nfd7 8.Bd3 c5
9.h4 g6 10.h5 cxd4 11.cxd5 Nc5 12.Bb1 exd5 13.Nxd4 Nc6 14.N2f3 Ne4 15.Bh6 Re8
16.hxg6 hxg6 17.Nxc6 bxc6 18.Qc1 Ba6 19.Bxe4 dxe4 20.Bg7 g5 21.Qxc6 Qb6 22.Qxe4 Qg6
23.Qxg6 fxg6 24.Bh8 Rac8 25.e6 g4 26.Nd4 Rc5 27.f4 gxf3 28.gxf3 Rd5 29.f4 Bc5
30.O-O-O Rh5 31.Rxh5 gxh5 32.Be5 Bxd4 33.Bxd4 Rxe6 34.Rg1+ Kf8 35.f5 Re4
36.Bxa7 Rf4 37.Rg5 Be2 38.Kd2 Bg4 39.Be3 Rxf5 40.Rg6 Kf7 41.Ra6 Rd5+ 42.Ke1 Be6  1/2-1/2

[Event "Mohamed Slama Mem 2013"]
[Site "Monastir TUN"]
[Date "2013.09.11"]
[Round "4.8"]
[White "Mabrouk,F"]
[Black "Azaiez,Fahmi"]
[Result "1/2-1/2"]
[WhiteElo "2067"]
[BlackElo "2073"]

1.d4 Nf6 2.c4 e6 3.Nf3 Bb4+ 4.Nbd2 O-O 5.g3 d6 6.Bg2 Nbd7 7.O-O Bxd2 8.Qxd2 Qe7
9.Qc2 a5 10.b3 e5 11.Bb2 exd4 12.Nxd4 Nc5 13.Rad1 Re8 14.Rfe1 Bd7 15.e4 h6
16.h3  1/2-1/2

[Event "TCh-CRO w Liga 2013"]
[Site "Bol CRO"]
[Date "2013.09.17"]
[Round "4.2"]
[White "Ivekovic,Zvjezdana"]
[Black "Ivekovic,A CRO"]
[Result "0-1"]
[WhiteElo "1647"]
[BlackElo "2004"]

1.d4 Nf6 2.c4 e6 3.Nf3 Bb4+ 4.Nbd2 d5 5.e3 O-O 6.a3 Be7 7.Qc2 Nbd7 8.Bd3 c5
9.cxd5 exd5 10.dxc5 Nxc5 11.Be2 Be6 12.O-O Rc8 13.Nd4 Nfe4 14.N2b3 Bf6 15.Qd1 Qb6
16.Nxc5 Nxc5 17.Bd2 Bxd4 18.exd4 Nb3 19.Bb4 Nxa1 20.Bxf8 Qxb2 21.Bxg7 Kxg7
22.Bg4 Nc2 23.Bxe6 fxe6 24.Qg4+ Kf7 25.Qh5+ Ke7 26.Qg5+ Kd7 27.Qg7+ Kc6 28.Qxh7 Nxd4
29.Rb1 Kd6 30.h3 Rc1+ 31.Rxc1 Qxc1+ 32.Kh2 Qf4+ 33.Kh1 Ne2 34.Qxb7 Qc1+ 35.Kh2 Qg1+  0-1